Cómo Gertrudis enseña a sus hijos
Bewaard in:
| Hoofdauteur: | |
|---|---|
| Formaat: | Boek |
| Taal: | Spaans |
| Gepubliceerd in: |
Ciudad de México
Porrua
1976
|
| Reeks: | Sepan cuantos, 308
|
| Onderwerpen: | |
| Tags: |
Voeg label toe
Geen labels, Wees de eerste die dit record labelt!
|
MARC
| LEADER | 00000nam a2200000 a 4500 | ||
|---|---|---|---|
| 001 | UCY2453 | ||
| 003 | CL-VaPUC | ||
| 008 | 941027e19760000MX |||||||||||||||||spa|d | ||
| 082 | 0 | 4 | |a 370.11 |b PES |2 21 |
| 100 | 0 | |a Pestalozzi, Johann Heinrich |e author |9 312105 | |
| 245 | 1 | 0 | |a Cómo Gertrudis enseña a sus hijos |
| 246 | 1 | 0 | |a Cartas sobre la educación de los niños |
| 246 | 1 | 0 | |a Libros de educación elemental: prólogos |
| 300 | |a 278 p | ||
| 942 | |c BK | ||
| 945 | |d 19941027 00:00:00 |a mfernand | ||
| 260 | |a Ciudad de México |b Porrua |c 1976 | ||
| 650 | 0 | |a Filosofía de la educación |9 258384 | |
| 583 | |a last modification |c 19941027 00:00:00 |k Rodrigo Vera | ||
| 490 | 0 | |a Sepan cuantos, 308 | |
| 999 | |c 230855 |d 230853 | ||
| 952 | |0 0 |1 1 |4 0 |6 370_110000000000000_PES_1976 |7 0 |8 A |9 233465 |a BIBARQ |b BIBARQ |d 2019-11-15 |i 302735K |o 370.11 PES 1976 |p 302735K |r 2019-11-15 |w 2019-11-15 |x Retirado en Inventario 2023 |y BK |k ARQ | ||